[Event "Campeonato España Sub 12"]
[Site "Salobreña"]
[Date "2017.07.10"]
[Round "2"]
[White "Karunanithi, Bharath"]
[Black "Pedchenko, Alex"]
[Result "1-0"]
[Board "16"]
[WhiteClock "1:30"]
[WhiteElo "1457"]
[WhiteCountry "ESP"]
[WhiteFideId "24534790"]
[WhiteEloChange "17"]
[BlackClock "1:30"]
[BlackElo "1734"]
[BlackCountry "ESP"]
[BlackFideId "24522732"]
[BlackEloChange "-17"]

1. d4 {[%clk 1:30:00]} Nf6 {[%clk 1:30:00]} 2. c4 {[%clk 1:31:00]} d6 {[%clk
1:31:00]} 3. Nf3 {[%clk 1:31:00]} g6 {[%clk 1:31:00]} 4. Nc3 {[%clk 1:31:00]} Bg7
{[%clk 1:31:00]} 5. h3 {[%clk 1:31:00]} a6 {[%clk 1:31:00]} 6. Bf4 {[%clk
1:31:00]} O-O {[%clk 1:30:00]} 7. e3 {[%clk 1:31:00]} Nbd7 {[%clk 1:30:00]} 8.
Be2 {[%clk 1:32:00]} h6 {[%clk 1:29:00]} 9. O-O {[%clk 1:32:00]} Re8 {[%clk
1:24:00]} 10. Bh2 {[%clk 1:32:00]} b6 {[%clk 1:22:00]} 11. a3 {[%clk 1:32:00]}
Bb7 {[%clk 1:21:00]} 12. Qc2 {[%clk 1:31:00]} Rb8 {[%clk 1:16:00]} 13. a4 {[%clk
1:31:00]} c5 {[%clk 1:15:00]} 14. Rad1 {[%clk 1:31:00]} Rc8 {[%clk 1:13:00]} 15.
Ne1 {[%clk 1:25:00]} e5 {[%clk 1:08:00]} 16. Bf3 {[%clk 1:24:00]} Bxf3 {[%clk
1:08:00]} 17. Nxf3 {[%clk 1:24:00]} cxd4 {[%clk 1:01:00]} 18. exd4 {[%clk
1:24:00]} e4 {[%clk 0:52:00]} 19. Nd2 {[%clk 1:23:00]} d5 {[%clk 0:50:00]} 20.
cxd5 {[%clk 1:23:00]} e3 {[%clk 0:51:00]} 21. fxe3 {[%clk 1:22:00]} Nxd5 {[%clk
0:51:00]} 22. Qb3 {[%clk 1:21:00]} Nxe3 {[%clk 0:44:00]} 23. Rxf7 {[%clk
1:21:00]} Kh8 {[%clk 0:43:00]} 24. Re1 {[%clk 1:19:00]} Bxd4 {[%clk 0:43:00]} 25.
Kh1 {[%clk 1:16:00]} Nc5 {[%clk 0:42:00]} 26. Qa2 {[%clk 1:14:00]} Bxc3 {[%clk
0:38:00]} 27. bxc3 {[%clk 1:14:00]} Nd3 {[%clk 0:31:00]} 28. Re2 {[%clk 1:10:00]}
Qg5 {[%clk 0:26:00]} 29. Nf3 {[%clk 1:06:00]} Qc5 {[%clk 0:24:00]} 30. Qb1 {[%clk
1:04:00]} Rcd8 {[%clk 0:18:09]} 31. Rd2 {[%clk 1:00:00]} Nf2+ {[%clk 0:10:53]}
32. Kg1 {[%clk 0:54:00]} Rxd2 {[%clk 0:08:54]} 33. Nxd2 {[%clk 0:51:00]} Nf5
{[%clk 0:09:08]} 34. Rc7 {[%clk 0:48:00]} Nxh3+ {[%clk 0:07:43]} 35. Kh1 {[%clk
0:48:00]} Nf2+ {[%clk 0:05:22]} 36. Kg1 {[%clk 0:49:00]} Qe3 {[%clk 0:05:40]} 37.
Nc4 {[%clk 0:48:00]} Nh3+ {[%clk 0:04:59]} 38. Kh1 {[%clk 0:48:00]} Qf2 {[%clk
0:05:00]} 39. Ne5 {[%clk 0:48:00]} Rxe5 {[%clk 0:01:33]} 40. Bxe5+ {[%clk
0:48:00]} 1-0

[Event "Campeonato España Sub 12"]
[Site "Salobreña"]
[Date "2017.07.10"]
[Round "2"]
[White "Mendoza Barcia, Pedro"]
[Black "Garcia Gil, Oriol"]
[Result "1-0"]
[Board "17"]
[WhiteClock "1:30"]
[WhiteElo "1743"]
[WhiteCountry "ESP"]
[WhiteFideId "32055641"]
[WhiteEloChange "3"]
[BlackClock "1:30"]
[BlackElo "1453"]
[BlackCountry "ESP"]
[BlackFideId "24561274"]
[BlackEloChange "-3"]

1. e4 {[%clk 1:30:00]} c5 {[%clk 1:30:00]} 2. Nf3 {[%clk 1:31:00]} g6 {[%clk
1:31:00]} 3. d4 {[%clk 1:31:00]} cxd4 {[%clk 1:31:00]} 4. Nxd4 {[%clk 1:32:00]}
Bg7 {[%clk 1:31:00]} 5. Nc3 {[%clk 1:32:00]} Nc6 {[%clk 1:31:00]} 6. Be3 {[%clk
1:32:00]} Nf6 {[%clk 1:32:00]} 7. Bc4 {[%clk 1:25:00]} O-O {[%clk 1:32:00]} 8.
O-O {[%clk 1:20:00]} d6 {[%clk 1:30:00]} 9. Qd2 {[%clk 0:58:00]} Bd7 {[%clk
1:29:00]} 10. f3 {[%clk 0:44:00]} Nxd4 {[%clk 1:28:00]} 11. Bxd4 {[%clk 0:44:00]}
Bc6 {[%clk 1:27:00]} 12. Rfd1 {[%clk 0:36:00]} Nd7 {[%clk 1:25:00]} 13. Bxg7
{[%clk 0:33:00]} Kxg7 {[%clk 1:25:00]} 14. Nd5 {[%clk 0:33:00]} a5 {[%clk
1:22:00]} 15. a3 {[%clk 0:30:00]} b5 {[%clk 1:13:00]} 16. Ba2 {[%clk 0:28:00]}
Bxd5 {[%clk 1:06:00]} 17. Bxd5 {[%clk 0:28:00]} Ra6 {[%clk 1:03:00]} 18. c4
{[%clk 0:14:42]} b4 {[%clk 0:57:00]} 19. axb4 {[%clk 0:14:46]} e6 {[%clk
0:57:00]} 20. b5 {[%clk 0:14:47]} Rb6 {[%clk 0:43:00]} 21. Bc6 {[%clk 0:14:54]}
d5 {[%clk 0:42:00]} 22. Bxd7 {[%clk 0:15:00]} Qxd7 {[%clk 0:42:00]} 23. Qd4+
{[%clk 0:15:00]} 1-0

[Event "Campeonato España Sub 12"]
[Site "Salobreña"]
[Date "2017.07.10"]
[Round "2"]
[White "Llamas Martinez, Pablo"]
[Black "Abrisqueta Zudaire, Leyre"]
[Result "1-0"]
[Board "18"]
[WhiteClock "1:30"]
[WhiteElo "1453"]
[WhiteCountry "ESP"]
[WhiteFideId "24544582"]
[WhiteEloChange "14"]
[BlackClock "1:30"]
[BlackElo "1605"]
[BlackCountry "ESP"]
[BlackFideId "32092253"]
[BlackEloChange "-14"]

1. e4 {[%clk 1:30:00]} c5 {[%clk 1:30:00]} 2. d4 {[%clk 1:31:00]} cxd4 {[%clk
1:30:00]} 3. c3 {[%clk 1:31:00]} g6 {[%clk 1:28:00]} 4. cxd4 {[%clk 1:30:00]} d5
{[%clk 1:27:00]} 5. exd5 {[%clk 1:30:00]} Nf6 {[%clk 1:27:00]} 6. Nc3 {[%clk
1:27:00]} Nxd5 {[%clk 1:27:00]} 7. Bc4 {[%clk 1:21:00]} Nf6 {[%clk 1:25:00]} 8.
Nf3 {[%clk 1:19:00]} Bg7 {[%clk 1:25:00]} 9. O-O {[%clk 1:17:00]} O-O {[%clk
1:24:00]} 10. Be3 {[%clk 1:14:00]} a6 {[%clk 1:22:00]} 11. a3 {[%clk 1:08:00]} b5
{[%clk 1:23:00]} 12. Ba2 {[%clk 1:08:00]} Bb7 {[%clk 1:23:00]} 13. Rc1 {[%clk
1:06:00]} e6 {[%clk 1:21:00]} 14. Qe2 {[%clk 1:03:00]} Nc6 {[%clk 1:20:00]} 15.
Rfd1 {[%clk 1:02:00]} Ne7 {[%clk 1:17:00]} 16. Bg5 {[%clk 0:58:00]} h6 {[%clk
1:16:00]} 17. Bh4 {[%clk 0:55:00]} Nf5 {[%clk 1:15:00]} 18. Bxf6 {[%clk 0:54:00]}
Bxf6 {[%clk 1:15:00]} 19. d5 {[%clk 0:48:00]} exd5 {[%clk 1:14:00]} 20. Nxd5
{[%clk 0:46:00]} Re8 {[%clk 1:04:00]} 21. Qxe8+ {[%clk 0:36:00]} Kg7 {[%clk
1:01:00]} 22. Qxd8 {[%clk 0:36:00]} Bxd8 {[%clk 1:01:00]} 23. Ne3 {[%clk
0:33:00]} Ne7 {[%clk 1:01:00]} 24. Ne5 {[%clk 0:31:00]} f6 {[%clk 1:00:00]} 25.
Nd7 {[%clk 0:30:00]} Bc6 {[%clk 0:56:00]} 26. Nc5 {[%clk 0:28:00]} Kh7 {[%clk
0:56:00]} 27. Ne6 {[%clk 0:27:00]} Ba5 {[%clk 0:55:00]} 28. b4 {[%clk 0:26:00]}
Bb6 {[%clk 0:56:00]} 29. Nd5 {[%clk 0:25:00]} Nxd5 {[%clk 0:56:00]} 30. Bxd5
{[%clk 0:25:00]} Bxd5 {[%clk 0:56:00]} 31. Rxd5 {[%clk 0:25:00]} g5 {[%clk
0:57:00]} 32. Rd6 {[%clk 0:24:00]} Ba7 {[%clk 0:57:00]} 33. Rd7+ {[%clk 0:22:00]}
Kg6 {[%clk 0:58:00]} 34. g4 {[%clk 0:21:00]} f5 {[%clk 0:57:00]} 35. Rc6 {[%clk
0:18:49]} fxg4 {[%clk 0:56:00]} 36. Nc7+ {[%clk 0:18:22]} Kh5 {[%clk 0:56:00]}
37. Nxa8 {[%clk 0:18:23]} Bb8 {[%clk 0:57:00]} 38. Nc7 {[%clk 0:18:06]} Bxc7
{[%clk 0:57:00]} 39. Rdxc7 {[%clk 0:18:08]} a5 {[%clk 0:57:00]} 40. bxa5 {[%clk
0:17:48]} b4 {[%clk 0:58:00]} 41. axb4 {[%clk 0:17:34]} g3 {[%clk 0:58:00]} 42.
fxg3 {[%clk 0:17:34]} 1-0

[Event "Campeonato España Sub 12"]
[Site "Salobreña"]
[Date "2017.07.10"]
[Round "2"]
[White "Jimenez Munoz, Nicolas"]
[Black "Bagur Bosch, Maria"]
[Result "1/2-1/2"]
[Board "19"]
[WhiteClock "1:30"]
[WhiteElo "1709"]
[WhiteCountry "ESP"]
[WhiteFideId "32092172"]
[WhiteEloChange "-5"]
[BlackClock "1:30"]
[BlackElo "1498"]
[BlackCountry "ESP"]
[BlackFideId "24554022"]
[BlackEloChange "5"]

1. e4 {[%clk 1:30:00]} c5 {[%clk 1:30:00]} 2. d4 {[%clk 1:31:00]} cxd4 {[%clk
1:31:00]} 3. c3 {[%clk 1:31:00]} Nf6 {[%clk 1:31:00]} 4. e5 {[%clk 1:32:00]} Nd5
{[%clk 1:31:00]} 5. cxd4 {[%clk 1:32:00]} Nc6 {[%clk 1:31:00]} 6. Nf3 {[%clk
1:32:00]} d6 {[%clk 1:31:00]} 7. Bc4 {[%clk 1:32:00]} Nb6 {[%clk 1:31:00]} 8. Bb3
{[%clk 1:33:00]} d5 {[%clk 1:31:00]} 9. h3 {[%clk 1:30:00]} e6 {[%clk 1:31:00]}
10. Nc3 {[%clk 1:30:00]} Be7 {[%clk 1:29:00]} 11. O-O {[%clk 1:29:00]} Bd7 {[%clk
1:27:00]} 12. Be3 {[%clk 1:29:00]} O-O {[%clk 1:28:00]} 13. Bc2 {[%clk 1:27:00]}
Rc8 {[%clk 1:24:00]} 14. Qd3 {[%clk 1:23:00]} g6 {[%clk 1:23:00]} 15. Bb3 {[%clk
1:22:00]} Na5 {[%clk 1:19:00]} 16. Bh6 {[%clk 1:20:00]} Re8 {[%clk 1:13:00]} 17.
Nd2 {[%clk 1:19:00]} Nxb3 {[%clk 1:05:00]} 18. axb3 {[%clk 1:19:00]} a6 {[%clk
1:04:00]} 19. Nf3 {[%clk 1:14:00]} Bf8 {[%clk 0:49:00]} 20. Qe3 {[%clk 1:03:00]}
Bg7 {[%clk 0:44:00]} 21. Nh2 {[%clk 1:00:00]} Bc6 {[%clk 0:25:00]} 22. Ng4 {[%clk
0:46:00]} Nd7 {[%clk 0:22:00]} 23. Bxg7 {[%clk 0:38:00]} Kxg7 {[%clk 0:22:00]}
24. Qh6+ {[%clk 0:35:00]} Kg8 {[%clk 0:22:00]} 25. Rfd1 {[%clk 0:17:00]} f6
{[%clk 0:21:00]} 26. f4 {[%clk 0:16:13]} Qe7 {[%clk 0:16:59]} 27. Rac1 {[%clk
0:08:50]} Qg7 {[%clk 0:08:56]} 28. Qxg7+ {[%clk 0:08:26]} Kxg7 {[%clk 0:09:25]}
29. Rf1 {[%clk 0:08:32]} Rf8 {[%clk 0:07:16]} 30. Na2 {[%clk 0:05:00]} Bb5 {[%clk
0:06:06]} 31. Rfe1 {[%clk 0:03:43]} Bd3 {[%clk 0:05:36]} 32. Nb4 {[%clk 0:03:20]}
Be4 {[%clk 0:04:53]} 33. Nf2 {[%clk 0:03:31]} f5 {[%clk 0:05:13]} 34. Rc3 {[%clk
0:03:31]} 1/2-1/2

[Event "Campeonato España Sub 12"]
[Site "Salobreña"]
[Date "2017.07.10"]
[Round "2"]
[White "Conde Riveiro, Xacobe"]
[Black "Castro Quijano, Eduardo"]
[Result "1-0"]
[Board "20"]
[WhiteClock "1:30"]
[WhiteElo "1451"]
[WhiteCountry "ESP"]
[WhiteFideId "24545147"]
[WhiteEloChange "15"]
[BlackClock "1:30"]
[BlackElo "1650"]
[BlackCountry "ESP"]
[BlackFideId "24507407"]
[BlackEloChange "-15"]

1. e4 {[%clk 1:30:00]} c5 {[%clk 1:30:00]} 2. d4 {[%clk 1:31:00]} cxd4 {[%clk
1:31:00]} 3. c3 {[%clk 1:31:00]} dxc3 {[%clk 1:31:00]} 4. Nxc3 {[%clk 1:31:00]}
e6 {[%clk 1:31:00]} 5. Nf3 {[%clk 1:31:00]} d6 {[%clk 1:32:00]} 6. Bc4 {[%clk
1:31:00]} Nc6 {[%clk 1:32:00]} 7. O-O {[%clk 1:31:00]} g6 {[%clk 1:32:00]} 8. Qe2
{[%clk 1:30:00]} Bg7 {[%clk 1:32:00]} 9. Rd1 {[%clk 1:29:00]} e5 {[%clk 1:32:00]}
10. Nb5 {[%clk 1:29:00]} Nd4 {[%clk 1:32:00]} 11. Nbxd4 {[%clk 1:27:00]} exd4
{[%clk 1:32:00]} 12. Nxd4 {[%clk 1:27:00]} a6 {[%clk 1:32:00]} 13. Bf4 {[%clk
1:24:00]} Qb6 {[%clk 1:27:00]} 14. Nf3 {[%clk 1:21:00]} Qxb2 {[%clk 1:26:00]} 15.
Qxb2 {[%clk 1:20:00]} Bxb2 {[%clk 1:26:00]} 16. Rab1 {[%clk 1:21:00]} Ba3 {[%clk
1:26:00]} 17. Bxd6 {[%clk 1:20:00]} Bxd6 {[%clk 1:27:00]} 18. Rxd6 {[%clk
1:20:00]} Ne7 {[%clk 1:25:00]} 19. Ng5 {[%clk 1:20:00]} f5 {[%clk 1:24:00]} 20.
Nf7 {[%clk 1:20:00]} Be6 {[%clk 1:22:00]} 21. Bxe6 {[%clk 1:20:00]} Rf8 {[%clk
1:21:00]} 22. Ne5 {[%clk 1:20:00]} Nc6 {[%clk 1:21:00]} 23. Nxc6 {[%clk 1:20:00]}
bxc6 {[%clk 1:20:00]} 24. Rb7 {[%clk 1:20:00]} fxe4 {[%clk 1:18:00]} 25. Rdd7
{[%clk 1:20:00]} c5 {[%clk 1:16:00]} 26. Re7+ {[%clk 1:20:00]} Kd8 {[%clk
1:17:00]} 27. Rbd7+ {[%clk 1:20:00]} Kc8 {[%clk 1:17:00]} 28. Ra7+ {[%clk
1:21:00]} Kd8 {[%clk 1:16:00]} 29. Red7+ {[%clk 1:21:00]} 1-0

[Event "Campeonato España Sub 12"]
[Site "Salobreña"]
[Date "2017.07.11"]
[Round "3"]
[White "Fernandez Lopez, Ruben"]
[Black "Juarros Ruiz, Victor"]
[Result "1-0"]
[Board "1"]
[WhiteClock "n/a"]
[WhiteElo "1982"]
[WhiteCountry "ESP"]
[WhiteFideId "24518298"]
[WhiteEloChange "3"]
[BlackClock "n/a"]
[BlackElo "1700"]
[BlackCountry "ESP"]
[BlackFideId "24515213"]
[BlackEloChange "-3"]

1. e4 {[%clk 1:30:30]} c5 {[%clk 1:30:30]} 2. Nc3 {[%clk 1:30:30]} d6 {[%clk
1:30:30]} 3. Nge2 {[%clk 1:30:30]} Nc6 {[%clk 1:30:30]} 4. d4 {[%clk 1:30:30]}
cxd4 {[%clk 1:30:30]} 5. Nxd4 {[%clk 1:30:30]} a6 {[%clk 1:30:30]} 6. Be3 {[%clk
1:30:30]} Nf6 {[%clk 1:30:30]} 7. Bc4 {[%clk 1:30:30]} e6 {[%clk 1:30:30]} 8. Qe2
{[%clk 1:30:30]} Qc7 {[%clk 1:30:30]} 9. Bb3 {[%clk 1:30:30]} Na5 {[%clk
1:30:30]} 10. O-O-O {[%clk 1:30:30]} Bd7 {[%clk 1:30:30]} 11. g4 {[%clk 1:30:30]}
h6 {[%clk 1:30:30]} 12. h4 {[%clk 1:30:30]} Nxb3+ {[%clk 1:30:30]} 13. Nxb3
{[%clk 1:30:30]} O-O-O {[%clk 1:30:30]} 14. g5 {[%clk 1:30:30]} Ng8 {[%clk
1:30:30]} 15. a4 {[%clk 1:30:30]} Kb8 {[%clk 1:30:30]} 16. Qd3 {[%clk 1:30:30]}
Rc8 {[%clk 1:30:30]} 17. Qd4 {[%clk 1:30:30]} b5 {[%clk 1:30:30]} 18. axb5 {[%clk
1:30:30]} axb5 {[%clk 1:30:30]} 19. Kd2 {[%clk 1:30:30]} e5 {[%clk 1:30:30]} 20.
Qd3 {[%clk 1:30:30]} Qc4 {[%clk 1:30:30]} 21. Ra1 {[%clk 1:30:30]} Qxd3+ {[%clk
1:30:30]} 22. Kxd3 {[%clk 1:30:30]} Be6 {[%clk 1:30:30]} 23. Ra5 {[%clk 1:30:30]}
Bc4+ {[%clk 1:30:30]} 24. Kd2 {[%clk 1:30:30]} b4 {[%clk 1:30:30]} 25. Nd5 {[%clk
1:30:30]} Bxd5 {[%clk 1:30:30]} 26. exd5 {[%clk 1:30:30]} hxg5 {[%clk 1:30:30]}
27. Rha1 {[%clk 1:30:30]} Ne7 {[%clk 1:30:30]} 28. Ra8+ {[%clk 1:30:30]} Kc7
{[%clk 1:30:30]} 29. R1a7+ {[%clk 1:30:30]} Kd8 {[%clk 1:30:30]} 30. Bb6+ {[%clk
1:30:30]} Ke8 {[%clk 1:30:30]} 31. hxg5 {[%clk 1:30:30]} Rxa8 {[%clk 1:30:30]}
32. Rxa8+ {[%clk 1:30:30]} Kd7 {[%clk 1:30:30]} 33. Rd8# {[%clk 1:30:30]} 1-0

[Event "Campeonato España Sub 12"]
[Site "Salobreña"]
[Date "2017.07.11"]
[Round "3"]
[White "Castillo Dalmau, Arnau"]
[Black "Revaliente Montoya, Ciro"]
[Result "0-1"]
[Board "2"]
[WhiteClock "1:30"]
[WhiteElo "1650"]
[WhiteCountry "ESP"]
[WhiteFideId "32092725"]
[WhiteEloChange "-2"]
[BlackClock "1:30"]
[BlackElo "1992"]
[BlackCountry "ESP"]
[BlackFideId "24538442"]
[BlackEloChange "2"]

1. e4 {[%clk 1:30:00]} c5 {[%clk 1:30:00]} 2. Nf3 {[%clk 1:31:00]} d6 {[%clk
1:31:00]} 3. d4 {[%clk 1:31:00]} Nf6 {[%clk 1:31:00]} 4. Nc3 {[%clk 1:26:00]}
cxd4 {[%clk 1:32:00]} 5. Nxd4 {[%clk 1:26:00]} a6 {[%clk 1:32:00]} 6. Be2 {[%clk
1:26:00]} e6 {[%clk 1:32:00]} 7. Be3 {[%clk 1:24:00]} Qc7 {[%clk 1:31:00]} 8. O-O
{[%clk 1:20:00]} b5 {[%clk 1:31:00]} 9. a3 {[%clk 1:19:00]} Bb7 {[%clk 1:31:00]}
10. f3 {[%clk 1:17:00]} Nbd7 {[%clk 1:29:00]} 11. Qd2 {[%clk 1:10:00]} Be7 {[%clk
1:27:00]} 12. Rfd1 {[%clk 1:02:00]} O-O {[%clk 1:26:00]} 13. Rac1 {[%clk
0:58:00]} Nb6 {[%clk 1:23:00]} 14. Bd3 {[%clk 0:51:00]} Rac8 {[%clk 1:20:00]} 15.
Qf2 {[%clk 0:47:00]} Nfd7 {[%clk 1:18:00]} 16. Nb1 {[%clk 0:33:00]} d5 {[%clk
1:11:00]} 17. Nd2 {[%clk 0:33:00]} Bf6 {[%clk 1:09:00]} 18. c3 {[%clk 0:32:00]}
Na4 {[%clk 1:01:00]} 19. Rc2 {[%clk 0:28:00]} Nac5 {[%clk 0:58:00]} 20. Be2
{[%clk 0:24:00]} dxe4 {[%clk 0:58:00]} 21. Nxe4 {[%clk 0:24:00]} Nxe4 {[%clk
0:59:00]} 22. fxe4 {[%clk 0:24:00]} Bxe4 {[%clk 0:59:00]} 23. Rcd2 {[%clk
0:24:00]} Nc5 {[%clk 0:58:00]} 24. Bf3 {[%clk 0:17:14]} Bxf3 {[%clk 0:51:00]} 25.
Qxf3 {[%clk 0:17:31]} Qb7 {[%clk 0:50:00]} 26. Qe2 {[%clk 0:15:49]} Rfd8 {[%clk
0:48:00]} 27. Nf3 {[%clk 0:13:58]} Qe4 {[%clk 0:45:00]} 28. Rxd8+ {[%clk
0:09:25]} Rxd8 {[%clk 0:45:00]} 29. Rxd8+ {[%clk 0:09:50]} Bxd8 {[%clk 0:45:00]}
30. Qd2 {[%clk 0:09:42]} Bb6 {[%clk 0:46:00]} 31. Kf1 {[%clk 0:07:05]} Qc4+
{[%clk 0:43:00]} 32. Kg1 {[%clk 0:05:50]} Ne4 {[%clk 0:40:00]} 33. Qe1 {[%clk
0:05:33]} Bxe3+ {[%clk 0:38:00]} 34. Qxe3 {[%clk 0:05:52]} Qc5 {[%clk 0:38:00]}
35. Qxc5 {[%clk 0:06:08]} Nxc5 {[%clk 0:39:00]} 36. Ne1 {[%clk 0:04:24]} Na4
{[%clk 0:39:00]} 37. Nd3 {[%clk 0:04:48]} e5 {[%clk 0:39:00]} 38. Kf2 {[%clk
0:02:41]} e4 {[%clk 0:39:00]} 39. b3 {[%clk 0:02:58]} Nxc3 {[%clk 0:39:00]} 40.
Nc5 {[%clk 0:03:07]} a5 {[%clk 0:39:00]} 41. Ke3 {[%clk 0:02:39]} f5 {[%clk
0:38:00]} 42. a4 {[%clk 0:01:58]} bxa4 {[%clk 0:38:00]} 43. bxa4 {[%clk 0:02:21]}
Kf7 {[%clk 0:39:00]} 44. Nb3 {[%clk 0:01:55]} Ke6 {[%clk 0:37:00]} 45. Nxa5
{[%clk 0:01:55]} Kd5 {[%clk 0:37:00]} 46. Nb3 {[%clk 0:01:48]} Nxa4 {[%clk
0:37:00]} 47. Nd2 {[%clk 0:01:43]} g5 {[%clk 0:37:00]} 48. g3 {[%clk 0:02:04]}
Nb6 {[%clk 0:38:00]} 49. Nb3 {[%clk 0:01:30]} Nc4+ {[%clk 0:38:00]} 50. Ke2
{[%clk 0:01:31]} f4 {[%clk 0:38:00]} 51. Nc1 {[%clk 0:01:05]} f3+ {[%clk
0:37:00]} 52. Kf2 {[%clk 0:01:23]} g4 {[%clk 0:37:00]} 0-1

[Event "Campeonato España Sub 12"]
[Site "Salobreña"]
[Date "2017.07.11"]
[Round "3"]
[White "Reyes Penas, Sebastian"]
[Black "Aramendia Ybarra, Carlota"]
[Result "1-0"]
[Board "3"]
[WhiteClock "1:30"]
[WhiteElo "1940"]
[WhiteCountry "ESP"]
[WhiteFideId "32035780"]
[WhiteEloChange "2"]
[BlackClock "1:30"]
[BlackElo "1455"]
[BlackCountry "ESP"]
[BlackFideId "24516350"]
[BlackEloChange "-2"]

1. e4 {[%clk 1:30:00]} c5 {[%clk 1:30:00]} 2. Nf3 {[%clk 1:31:00]} Nc6 {[%clk
1:31:00]} 3. d4 {[%clk 1:31:00]} cxd4 {[%clk 1:31:00]} 4. Nxd4 {[%clk 1:32:00]}
g6 {[%clk 1:31:00]} 5. c4 {[%clk 1:32:00]} Bg7 {[%clk 1:32:00]} 6. Be3 {[%clk
1:32:00]} Nf6 {[%clk 1:32:00]} 7. Nc3 {[%clk 1:33:00]} O-O {[%clk 1:32:00]} 8.
Be2 {[%clk 1:33:00]} d6 {[%clk 1:32:00]} 9. O-O {[%clk 1:33:00]} Bd7 {[%clk
1:33:00]} 10. Qd2 {[%clk 1:34:00]} a5 {[%clk 1:33:00]} 11. b3 {[%clk 1:34:00]}
Nxd4 {[%clk 1:32:00]} 12. Bxd4 {[%clk 1:34:00]} Bc6 {[%clk 1:33:00]} 13. f3
{[%clk 1:35:00]} Nd7 {[%clk 1:32:00]} 14. Be3 {[%clk 1:35:00]} Nc5 {[%clk
1:31:00]} 15. Rab1 {[%clk 1:35:00]} Qc7 {[%clk 1:24:00]} 16. Rfc1 {[%clk
1:35:00]} Rfd8 {[%clk 1:23:00]} 17. Nd5 {[%clk 1:33:00]} Bxd5 {[%clk 1:21:00]}
18. cxd5 {[%clk 1:34:00]} Qb6 {[%clk 1:20:00]} 19. Rc4 {[%clk 1:25:00]} Rd7
{[%clk 1:17:00]} 20. a3 {[%clk 1:23:00]} a4 {[%clk 1:10:00]} 21. b4 {[%clk
1:23:00]} Bh6 {[%clk 0:55:00]} 22. Bxh6 {[%clk 1:20:00]} Nxe4+ {[%clk 0:40:00]}
23. Qe3 {[%clk 1:20:00]} Qxe3+ {[%clk 0:39:00]} 24. Bxe3 {[%clk 1:21:00]} Nf6
{[%clk 0:39:00]} 25. Rd1 {[%clk 1:21:00]} e5 {[%clk 0:38:00]} 26. Bg5 {[%clk
1:21:00]} Ne8 {[%clk 0:38:00]} 27. Rdc1 {[%clk 1:21:00]} f6 {[%clk 0:37:00]} 28.
Be3 {[%clk 1:21:00]} Ng7 {[%clk 0:33:00]} 29. Rc8+ {[%clk 1:22:00]} Rxc8 {[%clk
0:33:00]} 30. Rxc8+ {[%clk 1:22:00]} Kf7 {[%clk 0:33:00]} 31. Bb5 {[%clk
1:23:00]} Re7 {[%clk 0:33:00]} 32. Bxa4 {[%clk 1:22:00]} f5 {[%clk 0:32:00]} 33.
Bg5 {[%clk 1:23:00]} e4 {[%clk 0:31:00]} 34. Bxe7 {[%clk 1:23:00]} Kxe7 {[%clk
0:30:00]} 35. Rc7+ {[%clk 1:23:00]} 1-0